000 00292nam a22001337a 4500
008 170710b xxu||||| |||| 00| 0 eng d
020 _a0923582053
041 _aeng
080 _a030
100 _a23
101 _aENC
245 _aENCYCLOPEDIA OF WORLD CRIME
_cNASH,J.R
942 _2udc
_cBK
999 _c20148
_d20148